| 000 | 00950 a2200253 4500 | ||
|---|---|---|---|
| 003 | OSt | ||
| 005 | 20180116192341.0 | ||
| 008 | 120525t xxu||||| |||| 00| 0 eng d | ||
| 010 | _a 97017178 | ||
| 020 | _a1572410469 (pbk.) | ||
| 040 | _c0 | ||
| 082 | 0 | 0 | _a745.094 |
| 100 | 1 |
_aLoos, Adolf, _92238 |
|
| 245 | 1 | 0 |
_aOrnament and crime : _bselected essays / _cAdolf Loos ; selected and with an introduction by Adolf Opel ; translated by Michael Mitchell. |
| 260 |
_aRiverside, Calif. : _bAriadne Press, _cc1998. |
||
| 300 |
_a204 p. : _bill. ; _c22 cm. |
||
| 440 | 0 |
_aStudies in Austrian literature, culture, and thought. _92239 |
|
| 500 | _aIncludes index . | ||
| 650 | 0 |
_aDecorative arts _zEurope _xHistory _y19th century. _92240 |
|
| 650 | 0 |
_aDecorative arts _zEurope _xHistory _y20th century. _92241 |
|
| 700 | 1 |
_aOpel, Adolf, _d1935- _92242 |
|
| 942 |
_aSADA _cBK _k745.094 LOO 1998 _2ddc |
||
| 999 |
_c352670 _d352670 |
||